000 00667nam a22002417a 4500
003 UA-OsUOA
001 32794
007 ta
008 20050211b un ||||| |||| 00| 0 ukr d
100 _aАкутагава Р.
090 _a821.521
_bА44
942 _cBK
040 _aUA-OsUOA
_brus
_cUA-OsUOA
_dUA-OsUOA
245 _aНовеллы
_cР. Акутагава
300 _a704 с.
_bІлюстрації
955 _a3
041 _arus
080 _a821.521
260 _aМ.
_bХудожественная литература
_c1974
044 _aRU
650 7 _a82 Література. Літературознавство
_2UDC
999 _c319247
_d319247